Scientific forecasting and human needs (Record no. 648489)

MARC details
000 -LEADER
fixed length control field 00668nam a2200229Ia 4500
003 - CONTROL NUMBER IDENTIFIER
control field OSt
005 - DATE AND TIME OF LATEST TRANSACTION
control field 20220926030026.0
008 - FIXED-LENGTH DATA ELEMENTS--GENERAL INFORMATION
fixed length control field 220923b |||||||| |||| 00| 0 eng d
037 ## - SOURCE OF ACQUISITION
Terms of availability General Book
040 ## - CATALOGING SOURCE
Original cataloging agency RTL
Transcribing agency RTL
Language of cataloging eng
041 ## - LANGUAGE CODE
Source of code eng
Language code of text/sound track or separate title eng
100 ## - MAIN ENTRY--PERSONAL NAME
Personal name Forti Augusto Ed.
9 (RLIN) 332499
245 #0 - TITLE STATEMENT
Title Scientific forecasting and human needs
Remainder of title Trends, m
260 ## - PUBLICATION, DISTRIBUTION, ETC.
Place of publication, distribution, etc. Paris
Name of publisher, distributor, etc. Unesco
Date of publication, distribution, etc. 1984
300 ## - PHYSICAL DESCRIPTION
Extent xx, 204p. Appendix p.193-200
Dimensions cm.
650 ## - SUBJECT ADDED ENTRY--TOPICAL TERM
Topical term or geographic name entry element Accounting Management
942 ## - ADDED ENTRY ELEMENTS (KOHA)
Classification part X:89F0gF, M4
Koha item type General Books
Source of classification or shelving scheme Colon Classification (CC)
Holdings
Withdrawn status Lost status Damaged status Not for loan Home library Current library Date acquired Total Checkouts Full call number Barcode Date last seen Price effective from Koha item type
        Ratan Tata Library Ratan Tata Library 2022-09-26   X:89F0gF M4 RT0948993 2022-09-26 2022-09-26 General Books
Copyright @ Delhi University Library System